Reaching Teens : Wisdom from Adolescent Medicine. Youth Professionals Speak of How Environmental Stressors Produce Worrisome Behaviors /

This panel discussion, from the 'Reaching Teens: Wisdom from Adolescent Medicine' series, is a discussion with youth specialists from Covenant House, YouthBuild, and El Centro about how environmental stressors produce worrisome behaviors.

Bibliographic Details
Format: Video
Language:English
Language Notes:In English.
Published: [Elk Grove Village, Illinois] : American Academy of Pediatrics, 2014.
Series:Academic Video Online
Subjects:
Online Access:Connect to this streaming video (Alexander Street Press)

MARC

Tag First Indicator Second Indicator Subfields
LEADER 00000cgm a2200000Mi 4500
001 in00005584875
006 m o c
007 cr |n||||||||a
007 vz |za|z|
008 161104s2014 ilu017 e o vueng d
005 20241201232933.1
035 |a (OCoLC)ocn964551499 
040 |a ALSTP  |b eng  |e rda  |e pn  |c ALSTP  |d OCLCO  |d OCLCF  |d UPM  |d OCLCQ  |d OCLCO  |d CAUOI  |d WYU  |d OCLCA  |d OCL  |d OCLCA  |d OCL  |d OCLCA  |d OCLCO  |d OCL  |d OCLCO  |d OCLCL  |d NUI 
019 |a 1430868090  |a 1444000014 
035 |a (OCoLC)964551499  |z (OCoLC)1430868090  |z (OCoLC)1444000014 
043 |a n-us--- 
049 |a TXAM 
245 0 0 |a Reaching Teens :  |b Wisdom from Adolescent Medicine.  |p Youth Professionals Speak of How Environmental Stressors Produce Worrisome Behaviors /  |c [produced by] American Academy of Pediatrics. 
264 1 |a [Elk Grove Village, Illinois] :  |b American Academy of Pediatrics,  |c 2014. 
300 |a 1 online resource (17 min.) 
306 |a 001701 
336 |a two-dimensional moving image  |b tdi  |2 rdacontent 
337 |a video  |b v  |2 rdamedia 
337 |a computer  |b c  |2 rdamedia 
338 |a other  |b vz  |2 rdacarrier 
338 |a online resource  |b cr  |2 rdacarrier 
347 |a data file  |2 rda 
490 0 |a Academic Video Online 
500 |a Title from resource description page (viewed November 04, 2016). 
520 |a This panel discussion, from the 'Reaching Teens: Wisdom from Adolescent Medicine' series, is a discussion with youth specialists from Covenant House, YouthBuild, and El Centro about how environmental stressors produce worrisome behaviors. 
546 |a In English. 
650 0 |a Stress in youth. 
650 0 |a Youth development  |z United States. 
650 0 |a At-risk youth  |x Behavior modification. 
650 0 |a Stress management for teenagers. 
650 6 |a Stress chez les jeunes. 
650 6 |a Jeunesse  |x Développement  |z États-Unis. 
650 6 |a Gestion du stress chez l'adolescent. 
650 7 |a At-risk youth  |x Behavior modification  |2 fast 
650 7 |a Stress in youth  |2 fast 
650 7 |a Stress management for teenagers  |2 fast 
650 7 |a Youth development  |2 fast 
651 7 |a United States  |2 fast  |1 https://id.oclc.org/worldcat/entity/E39PBJtxgQXMWqmjMjjwXRHgrq 
655 7 |a Panel discussions  |2 fast 
655 7 |a Educational films  |2 fast 
655 7 |a Film excerpts  |2 fast 
655 7 |a Educational films.  |2 lcgft 
655 7 |a Film excerpts.  |2 lcgft 
655 7 |a Panel discussions.  |2 lcgft 
655 7 |a Films éducatifs.  |2 rvmgf 
655 7 |a Panels.  |2 rvmgf 
710 2 |a American Academy of Pediatrics,  |e production company. 
856 4 0 |u http://proxy.library.tamu.edu/login?url=https://www.aspresolver.com/aspresolver.asp?MARC;3276205  |z Connect to this streaming video (Alexander Street Press)  |t 0 
955 |a Alexander Street Press subscription streaming video 
994 |a 92  |b TXA 
999 f f |s 83b2299a-d9ba-4df8-be46-947dfa08a81b  |i ca291004-e3b5-463d-adab-765c751d805d  |t 0 
952 f f |a Texas A&M University  |b College Station  |c Electronic Resources  |d Available Online  |t 0  |h Library of Congress classification 
998 f f |t 0  |l Available Online